|
|
|
|
| LEADER |
00000naa2a2200000 4500 |
| 001 |
151291 |
| 005 |
20231031150611.0 |
| 035 |
|
|
|a (RuTPU)RU\TPU\book\164032
|
| 090 |
|
|
|a 151291
|
| 100 |
|
|
|a 20090121d2008 k y0rusy50 ca
|
| 101 |
0 |
|
|a rus
|
| 102 |
|
|
|a RU
|
| 200 |
1 |
|
|a Инструменты математического моделирования динамики логических систем
|f Е. А. Ерёмина
|
| 320 |
|
|
|a Библиогр.: 3 назв.
|
| 461 |
|
1 |
|0 (RuTPU)RU\TPU\book\156858
|t Современные техника и технологии
|o 14 Международная научно-практическая конференция студентов, аспирантов и молодых ученых, г. Томск, 24-28 марта 2008 г.
|o труды
|o в 3 т.
|f Томский политехнический университет (ТПУ)
|d 2008
|
| 463 |
|
1 |
|0 (RuTPU)RU\TPU\book\158716
|t Т. 2
|v С. 292-293
|d 2008
|p 434 с.
|
| 610 |
1 |
|
|a логические системы
|
| 610 |
1 |
|
|a математическое моделирование
|
| 610 |
1 |
|
|a логический подход
|
| 610 |
1 |
|
|a движение товаров
|
| 610 |
1 |
|
|a логистика
|
| 610 |
1 |
|
|a товародвижение
|
| 610 |
1 |
|
|a материальный поток
|
| 610 |
1 |
|
|a прогнозирование
|
| 610 |
1 |
|
|a труды учёных ТПУ
|
| 700 |
|
1 |
|a Ерёмина
|b Е. А.
|c специалист в области информационных систем
|c старший преподаватель Юргинского технологического института (филиал) Томского политехнического университета
|f 1978-
|g Елена Анатольевна
|2 stltpush
|3 (RuTPU)RU\TPU\pers\25120
|
| 801 |
|
1 |
|a RU
|b 63413507
|c 20090121
|g PSBO
|
| 801 |
|
2 |
|a RU
|b 63413507
|c 20131001
|g RCR
|
| 942 |
|
|
|c BK
|